000 00977nam a22002177a 4500
999 _c20024
_d20024
005 20171213101851.0
008 171212b2017 c abdofr|||| 00| 0 spa d
040 _aCO-BoIAVH
_cCO-BoIAVH
041 0 _aspa
044 _ack
082 0 4 _a333.95617
_bS47e
100 1 _aDe la Hoz Mestre, Javier
_eautor
245 1 0 _aEstadísticas de desembarco y esfuerzo de las pesquerías artesanales e industriales de Colombia en los sitios y puertos pesqueros monitoreados por el SEPEC durante el período julio a diciembre 2016.
260 _aSanta Marta :
_bServicio Estadístico Pesquero Colombiano SEPEC,
_c2016.
300 _a60 páginas :
_bilustraciones, mapas, gráficas y fotografías a color.
_c28 x 21 cm.
504 _aIncluye referencias bibliográficas (pag. 53) y anexos
650 2 6 _aFondos de pesca
_vPlanes de manejo
650 2 6 _aPesquerías artesanales
_zColombia
700 1 _aManjarrés Martínez, Luis
_eautor
942 _2ddc
_cLIBRO